<?xml version="1.0" encoding="utf-8"?>
<?xml-stylesheet type='text/xsl' href='./oai2.xsl'?>
<OAI-PMH xmlns="http://www.openarchives.org/OAI/2.0/" xmlns:xsi="http://www.w3.org/2001/XMLSchema-instance" xsi:schemaLocation="http://www.openarchives.org/OAI/2.0/ http://www.openarchives.org/OAI/2.0/OAI-PMH.xsd">
  <responseDate>2026-06-07T21:24:53Z</responseDate>
  <request verb="GetRecord" metadataPrefix="marcxml" identifier="record_kuniweb_675867">https://kulturerbe.niedersachsen.de/oai</request>
  <GetRecord>
    <record>
      <header>
        <identifier>record_kuniweb_675867</identifier>
        <datestamp>2021-12-14T12:05:43Z</datestamp>
        <setSpec>slg0017</setSpec>
      </header>
      <metadata>
        <marc:record xmlns:marc="http://www.loc.gov/MARC21/slim" xsi:schemaLocation="http://www.loc.gov/MARC21/slim http://www.loc.gov/standards/marcxml/schema/MARC21slim.xsd">
          <marc:leader>12345nkm  22     uu 4500</marc:leader>
          <marc:controlfield tag="001">675867</marc:controlfield>
          <marc:controlfield tag="003">http://kuniweb.gbv.de</marc:controlfield>
          <marc:controlfield tag="005">2017-04-04T10:45:17</marc:controlfield>
          <marc:controlfield tag="008">|           ||||||||||||||||||||||</marc:controlfield>
          <marc:datafield tag="245" ind1="1" ind2="0">
            <marc:subfield code="a">Elisabeth Charlotte, Demoiselle de Chartres</marc:subfield>
          </marc:datafield>
          <marc:datafield tag="700" ind1="1" ind2=" ">
            <marc:subfield code="a">Elle</marc:subfield>
            <marc:subfield code="d">* 1648 † 1717</marc:subfield>
            <marc:subfield code="e">Maler</marc:subfield>
          </marc:datafield>
          <marc:datafield tag="655" ind1=" " ind2="7">
            <marc:subfield code="a">Malerei</marc:subfield>
          </marc:datafield>
          <marc:datafield tag="046" ind1=" " ind2=" ">
            <marc:subfield code="k">1690</marc:subfield>
            <marc:subfield code="k">ca. 1690</marc:subfield>
          </marc:datafield>
          <marc:datafield tag="260" ind1=" " ind2=" ">
            <marc:subfield code="g">1690</marc:subfield>
            <marc:subfield code="g">ca. 1690</marc:subfield>
          </marc:datafield>
          <marc:datafield tag="300" ind1=" " ind2=" ">
            <marc:subfield code="a">Breite: 103 cm
Höhe: 134 cm</marc:subfield>
          </marc:datafield>
          <marc:datafield tag="520" ind1=" " ind2=" ">
            <marc:subfield code="a">Vierzehn Jahre alt war Elisabeth Charlotte d´Orléans als Louis Elle dieses Porträt von ihr anfertigte. Sie war das dritte Kind des Herzogs Philipp d´Orléans und der Elisabeth Charlotte von der Pfalz. 1698 wurde sie mit dem Herzog Leopold von Lothringen und Bar verheiratet. Nach seinem Tod war sie ab 1729 Regentin des Landes bis durch den Wiener Frieden Lothringen an Stanislaw I. Leszczinski von Polen fiel und sie sich nach Commercy zurückzog. Entsprechend ihrer Zugehörigkeit zum Hochadel ist Elisabeth Charlotte ganzfigurig wiedergegeben. Sie sitzt vor einem dunkelgrünen Vorhang in rötlich schimmerndem, goldbesticktem Kleid mit Schleppe in einem Lehnstuhl. In der rechten Hand hält sie einen Blütenzweig, ihren Ellenbogen stützt sie auf einen neben ihr stehenden Tisch, auf dem ein Blumenkorb platziert ist. Das von dem französischen Bildnis- und Historienmaler Louis Elle gefertigte Bild, wurde Sophie von Hannover, Großtante der Dargestellten, geschenkt.  (Niedersächsisches Landesmuseum Hannover)</marc:subfield>
          </marc:datafield>
          <marc:datafield tag="650" ind1="1" ind2=" ">
            <marc:subfield code="a">Historienmalerei</marc:subfield>
          </marc:datafield>
          <marc:datafield tag="650" ind1="1" ind2=" ">
            <marc:subfield code="a">Malerei &gt; painting</marc:subfield>
          </marc:datafield>
          <marc:datafield tag="650" ind1="1" ind2=" ">
            <marc:subfield code="a">Malerei</marc:subfield>
          </marc:datafield>
          <marc:datafield tag="600" ind1="1" ind2=" ">
            <marc:subfield code="a">Elisabeth Charlotte</marc:subfield>
            <marc:subfield code="d">* 1676 † 1744</marc:subfield>
          </marc:datafield>
          <marc:datafield tag="773" ind1="0" ind2=" ">
            <marc:subfield code="t">Landesgalerie</marc:subfield>
          </marc:datafield>
          <marc:datafield tag="852" ind1=" " ind2=" ">
            <marc:subfield code="a">Niedersächsisches Landesmuseum Hannover</marc:subfield>
          </marc:datafield>
          <marc:datafield tag="" ind1=" " ind2=" ">
            <marc:subfield code="a">Namensnennung 4.0 International (CC BY 4.0)</marc:subfield>
          </marc:datafield>
        </marc:record>
      </metadata>
    </record>
  </GetRecord>
</OAI-PMH>
